| 000 -LEADER |
| fixed length control field |
00695cam a22002295i 4500 |
| 001 - CONTROL NUMBER |
| control field |
21091895 |
| 003 - CONTROL NUMBER IDENTIFIER |
| control field |
OSt |
| 005 - DATE AND TIME OF LATEST TRANSACTION |
| control field |
20200304100553.0 |
| 008 - FIXED-LENGTH DATA ELEMENTS--GENERAL INFORMATION |
| fixed length control field |
190719s2018 pk 000 0 eng |
| 010 ## - LIBRARY OF CONGRESS CONTROL NUMBER |
| LC control number |
2019314254 |
| 020 ## - INTERNATIONAL STANDARD BOOK NUMBER |
| International Standard Book Number |
9789696375449 |
| 025 ## - OVERSEAS ACQUISITION NUMBER |
| Overseas acquisition number |
P-E-20193142540; 38 |
| 037 ## - SOURCE OF ACQUISITION |
| Source of stock number/acquisition |
Library of Congress -- Islamabad Overseas Office |
| 040 ## - CATALOGING SOURCE |
| Original cataloging agency |
DLC |
| Language of cataloging |
eng |
| Transcribing agency |
DLC |
| Description conventions |
rda |
| 042 ## - AUTHENTICATION CODE |
| Authentication code |
lcode |
| 100 1# - MAIN ENTRY--PERSONAL NAME |
| Personal name |
Baloch, J.J., |
| Relator term |
author. |
| 245 10 - TITLE STATEMENT |
| Title |
Sociology in the 21st century : |
| Remainder of title |
a perspective of Pakistani society / |
| Statement of responsibility, etc |
J.J. Baloch. |
| 300 ## - PHYSICAL DESCRIPTION |
| Extent |
xx, 459 pages ; |
| Dimensions |
24 cm |
| 906 ## - LOCAL DATA ELEMENT F, LDF (RLIN) |
| a |
0 |
| b |
ibc |
| c |
origode |
| d |
3 |
| e |
ncip |
| f |
20 |
| g |
y-gencatlg |
| 942 ## - ADDED ENTRY ELEMENTS (KOHA) |
| Source of classification or shelving scheme |
|
| Koha item type |
Books |